| 000 | 00874nam a2200289 a 4500 | ||
|---|---|---|---|
| 003 | AR-BaBNM | ||
| 005 | 20251128205100.0 | ||
| 008 | 082120s2002 ||||||||||||||000 | spa|| | ||
| 040 | _cAR-BaBNM | ||
| 100 | 1 | _aMayo, Elton | |
| 245 | 0 | 0 |
_aProblemas sociales de una civilización industrial _n2 |
| 260 |
_aBuenos Aires _bNueva Visión _c1977 |
||
| 300 |
_a150 p. _btablas |
||
| 490 | 0 | _aTeoría e investigación en las ciencias del hombre | |
| 504 | _aContiene bibliografía en notas a pie de página | ||
| 650 | 4 | _aPROBLEMAS SOCIALES | |
| 650 | 4 | _aSOCIEDADES INDUSTRIALES | |
| 650 | 4 | _aTRABAJO | |
| 650 | 4 | _aCONDICIONES DE TRABAJO | |
| 650 | 4 | _aRELACIONES HUMANAS | |
| 650 | 4 | _aOBREROS INDUSTRIALES | |
| 700 | 1 |
_aCiria, Alberto _etraductor |
|
| 700 | 1 |
_aDonham, Wallace B _eprologuista |
|
| 800 | 1 |
_aSazbón, José _edirector |
|
| 942 | _cBK | ||
| 998 | _cSILVI | ||
| 999 |
_c9915 _d9915 |
||